| 000 | 01130namaa2200241 i 4500 | ||
|---|---|---|---|
| 001 | 174150 | ||
| 003 | ES-MaACL | ||
| 005 | 20250815105804.0 | ||
| 008 | 100224s1918 sp | |||| ||spa d | ||
| 080 | _a551.79 | ||
| 080 | _a551.324(234 Ibérico) | ||
| 100 | 1 |
_aCarandell Pericay, Juan. _934960 |
|
| 245 | 1 | 3 |
_aEl glaciarismo cuaternario en los montes ibéricos / _cpor Juan Carandell y Joaquín Gómez de Llarena. |
| 260 |
_aMadrid : _bJunta para Ampliación de Estudios e Investigaciones Científicas, _c1918 ( _fImp. Clásica Española) |
||
| 300 |
_a62 p.., XVII h. de lám., [1] h. de map. pleg. ; _c23 cm. |
||
| 490 | 1 |
_aTrabajos del Museo Nacional de Ciencias Naturales. Serie geológica ; _v22 |
|
| 650 | 4 |
_aGlaciares- _zSistema Ibérico (España) _9142235 |
|
| 700 | 1 |
_aGómez de Llarena, Joaquín ( _d1891-1979) _957911 |
|
| 710 | 2 |
_aJunta para la Ampliación de Estudios e Investigaciones Científicas. _95413 |
|
| 830 | 0 | 0 |
_aTrabajos del Museo Nacional de Ciencias Naturales. _pSerie geológica _v22 _9189286 |
| 852 |
_aES-MaACL _jB-13129(4) _z.- Encuadernado con otras obras |
||
| 999 |
_c174150 _d174150 |
||